THE ADVENTIST HOME (Record no. 4600)

MARC details
000 -LEADER
fixed length control field 00462nam a22001577a 4500
008 - FIXED-LENGTH DATA ELEMENTS--GENERAL INFORMATION
fixed length control field 260306b |||||||| |||| 00| 0 eng d
020 ## - INTERNATIONAL STANDARD BOOK NUMBER
ISBN 0828002258
100 ## - MAIN ENTRY--AUTHOR
Author WHITE, G. ELLIEN
245 ## - TITLE STATEMENT
Title THE ADVENTIST HOME
260 ## - PUBLICATION, DISTRIBUTION, ETC. (IMPRINT)
Place of publication HAGERSTOWN
Name of publisher REVIEW AND HARALD PUBLISHING ASSOCIATION LIMITED
Date of publication 2001
300 ## - COLLATION
Pagination 583P
650 ## - TRACINGS
Main Subject Abridged edition of The Adventist home
Subdivision (1st) Families Religious Life
942 ## - ADDED ENTRY ELEMENTS (KOHA)
Item type Books
050 ## - LIBRARY OF CONGRESS CALL NUMBER
Classification number BX6111
Item number .W46
Holdings
Source of classification or shelving scheme Not for loan Permanent location Current location Date acquired Accession No. Full call number Barcode. Copy number Koha item type
Library of Congress Classification   Samuel Ogbemudia Main Library, University of Abuja Samuel Ogbemudia Main Library, University of Abuja 03/06/2026 2021/57857 BX6111 .W46 2026-0086 1 Books
Library of Congress Classification   Samuel Ogbemudia Main Library, University of Abuja Samuel Ogbemudia Main Library, University of Abuja 03/06/2026 2021/57857 BX6111 .W46 2026-0087 1 Books